000 01202nam a2200337 c 4500
001 17552
003 ES-MaCES
005 20150929135455.0
008 050517s2004 sp t o000 | spa d
035 _aCES20050004677m
040 _aES-MaCES
_bspa
_cES-MaCES
245 0 0 _aDerecho social comunitario y Derecho del trabajo
_ccoordinador, Joaquín García Murcia
260 _a[Oviedo
_bGobierno del Principado de Asturias, Consejería de Industria y Empleo
_c2004]
300 _a205 p.
_c24 cm
500 _aApéndice documental: p. 121-205
541 _cGratuito
650 4 _aderecho comunitario
_929866
650 4 _aderechos económicos y sociales
_929875
650 4 _aderecho del trabajo
_927165
650 4 _aparticipación de los trabajadores
_928378
650 4 _aigualdad de trato
_930147
650 4 _amigración
_928635
653 1 0 _aDerecho comunitario
650 4 _928300
_apolítica de empleo
650 4 _926752
_aUE
700 1 _aGarcía Murcia, Joaquín
_ecol.
_912994
710 1 _aAsturias (Comunidad Autónoma)
_bConsejería de Industria y Empleo
_eed.
_91551
902 _aLIB Libro
942 _2CES
_cBK
_h6.0.5.
999 _c17552
_d17552